Chimie /

Na minha lista:
Detalhes bibliográficos
Autor principal: Pastouriaux L.
Outros Autores: Valdenaire H.
Formato: Livro
Idioma:Vietnamese
Publicado em: Phú thọ : Librairie Plon , 1948
Edição:In lần thứ 1
Assuntos:
Tags: Adicionar Tag
Sem tags, seja o primeiro a adicionar uma tag!
Thư viện lưu trữ: Thư viện Trường CĐ Kỹ Thuật Cao Thắng
LEADER 01030nam a2200337 a 4500
001 TVCDKTCT2126
003 Thư viện trường Cao đẳng Kỹ thuật Cao Thắng
005 20170529153411.0
008 050815
980 \ \ |a Thư viện Trường CĐ Kỹ Thuật Cao Thắng 
024 |a RG_1 #1 eb0 i1 
041 0 # |a vie 
082 # # |a 540 /   |b P100S-c 
100 1 # |a Pastouriaux L. 
245 0 0 |a Chimie /   |c Pastouriaux L., Valdenaire H. 
250 # # |a In lần thứ 1 
260 # # |a Phú thọ :   |b Librairie Plon ,   |c 1948 
300 # # |a 326tr. ;   |c 19cm 
650 # 4 |a Hoá học 
700 0 # |a Valdenaire H. 
721 # # |a CN Tự động 
721 # # |a CNKT Cơ điện tử 
721 # # |a CNKT Cơ khí 
721 # # |a CNKT Điện 
721 # # |a CNKT Điện tử 
721 # # |a CNKT Điện tử viễn thông 
721 # # |a CNKT Nhiệt lạnh 
721 # # |a CNKT Ô tô 
721 # # |a Công nghệ thông tin 
721 # # |a Kế Toán 
841 # # |b Kho Sách   |j 100007868